| 000 | 00508nam a2200169 i 4500 | ||
|---|---|---|---|
| 001 | C2-0251557 | ||
| 003 | PPAK | ||
| 005 | 20180729000215.0 | ||
| 008 | 030917s my |||| ||||| | may d | ||
| 040 |
_aPPAK _beng _cPPAK _erda |
||
| 245 | 0 | 0 |
_aJejak Rasul : Disk4 _bDialog Nabi Musa dengan Allah/Nabi Khidir mengajar Nabi Musa |
| 264 | 1 |
_aKuala Lumpur : _bGrand Brilliance Sdn.. Bhd. , |
|
| 336 |
_2rdacontent _atext |
||
| 337 |
_2rdamedia _aunmediated |
||
| 338 |
_2rdacarrier _avolume |
||
| 942 |
_2ddc _cVCD |
||
| 999 |
_c164918 _d164918 |
||